La crisis de la aristocracia (Registro nro. 148263)

Detalles MARC
000 -LEADER
campo de control de longitud fija 00689nam a2200217 4500
001 - NÚMERO DE CONTROL
campo de control 148263
003 - IDENTIFICADOR DE NÚMERO DE CONTROL
campo de control ES-MaACL
005 - FECHA Y HORA DE LA ÚLTIMA TRANSACCIÓN
campo de control 20230906202526.0
007 - CAMPO FIJO DE DESCRIPCIÓN FÍSICA--INFORMACIÓN GENERAL
campo de control de longitud fija t|
008 - DATOS DE LONGITUD FIJA--INFORMACIÓN GENERAL
campo de control de longitud fija 070214s1985 sp r ||||1| spa d
100 1# - ENTRADA PRINCIPAL--NOMBRE DE PERSONA
Nombre de persona Stone, Lawrence.
9 (RLIN) 108308
245 13 - MENCIÓN DEL TÍTULO
Título La crisis de la aristocracia
Resto del título : 1558-1641 /
Mención de responsabilidad, etc. Lawrence Stone ; versión española de Manuel Rodríguez Alonso.
250 ## - MENCION DE EDICION
Mención de edición Ed. abreviada.
260 ## - PUBLICACIÓN, DISTRIBUCIÓN, ETC.
Lugar de publicación, distribución, etc. Madrid :
Nombre del editor, distribuidor, etc. Alianza,
Fecha de publicación, distribución, etc. 1985.
300 ## - DESCRIPCIÓN FÍSICA
Extensión 356 p. ;
Dimensiones 20 cm.
490 1# - MENCIÓN DE SERIE
Mención de serie Alianza Universidad ;
Designación de volumen o secuencia 447
700 1# - ENTRADA AGREGADA--NOMBRE PERSONAL
Nombre de persona Rodríguez Alonso, Manuel.
9 (RLIN) 98332
830 0# - PUNTO DE ACCESO ADICIONAL DE SERIE-TÍTULO UNIFORME
Título uniforme Alianza Universidad ;
Designación de volumen o secuencia 447
9 (RLIN) 177276
852 ## - LOCALIZACIÓN
Ubicación ES-MaACL
Número de control de estantería L-10428
Sublocalización o colección R.111782
Existencias
Estatus retirado Estado de pérdida Estado de daño No para préstamo Biblioteca de origen Biblioteca actual Ubicación en estantería Fecha de adquisición Fuente de adquisición Total de préstamos Signatura topográfica completa Código de barras Visto por última vez Precio de reemplazo Tipo de ítem Koha
        Biblioteca del Ateneo de Madrid Biblioteca del Ateneo de Madrid Depósito 2 17/01/2008     L-10428 1154725 23/02/2023 23/02/2023 Libro impreso